They came to Baghdad (Record no. 5017)
[ view plain ]
| 000 -LEADER | |
|---|---|
| fixed length control field | 00388 a2200145 4500 |
| 020 ## - INTERNATIONAL STANDARD BOOK NUMBER | |
| International Standard Book Number | 0006166059 |
| 040 ## - CATALOGING SOURCE | |
| Original cataloging agency | DLC |
| Language of cataloging | DLC |
| 082 ## - DEWEY DECIMAL CLASSIFICATION NUMBER | |
| Classification number | 823.912 |
| 100 ## - MAIN ENTRY--PERSONAL NAME | |
| Personal name | Christie, Agatha. |
| 245 ## - TITLE STATEMENT | |
| Title | They came to Baghdad |
| Statement of responsibility, etc. | Christie, Agatha. |
| 260 ## - PUBLICATION, DISTRIBUTION, ETC. | |
| Place of publication, distribution, etc. | London: |
| Name of publisher, distributor, etc. | Harper Collins Publishers, |
| Date of publication, distribution, etc. | 1993. |
| 300 ## - PHYSICAL DESCRIPTION | |
| Extent | 254 p. ; |
| Dimensions | 19 cm. |
| 650 ## - SUBJECT ADDED ENTRY--TOPICAL TERM | |
| Topical term or geographic name entry element | Baghdad (Iraq) --Fiction. |
| 942 ## - ADDED ENTRY ELEMENTS (KOHA) | |
| Koha item type | Book |
| Call number prefix | 823.912 CHR |
| Source of classification or shelving scheme | |
| Withdrawn status | Lost status | Damaged status | Not for loan | Collection code | Permanent Location | Current Location | Shelving location | Date acquired | Source of acquisition | Cost, normal purchase price | Total Checkouts | Full call number | Barcode | Date last seen | Date last checked out | Price effective from | Koha item type | Source of classification or shelving scheme |
|---|---|---|---|---|---|---|---|---|---|---|---|---|---|---|---|---|---|---|
| Central Library (CL) | Central Library (CL) | General Stacks | 12/16/2004 | Allied Book Company | 175.50 | 7 | 823.912 CHR | SEECS005183 | 12/09/2024 | 11/11/2024 | 01/05/2017 | Book | ||||||
| Central Library (CL) | Central Library (CL) | General Stacks | 04/15/2014 | 150.00 | 0.00 | 1 | 823.912 CHR | SEECS003018 | 01/08/2025 | 09/19/2021 | 01/05/2017 | Book | ||||||
| Central Library (CL) | Central Library (CL) | 01/24/2019 | 1 | 823.912 CHR | NIT-9359 | 10/29/2020 | 02/09/2020 | 01/24/2019 | Book |
